000 00254nam a2200109Ia 4500
008 220216s9999 xx 000 0 und d
100 _aThomas V
245 0 _aRubber krishi varum kaalangalil
260 _bKarshakasree
_c2009
300 _a45
942 _cBS
999 _c48981
_d48981